| 000 | 00529nam a2200181Ia 4500 | ||
|---|---|---|---|
| 008 | 100917s9999 xx 000 0 und d | ||
| 082 | _b42087 | ||
| 100 | _aआपटे ह. ना. | ||
| 245 | _aयशवंतराव खरे | ||
| 260 |
_bरम्यकथा प्रकाशन _c1973 |
||
| 300 | _a404 | ||
| 365 | _b14 | ||
| 520 | _aकादंबरी | ||
| 630 | _aयशवंतराव खरे | ||
| 650 | _aकादंबरी | ||
| 730 | _aयशवंतराव खरे | ||
| 942 | _cBOOK | ||
| 999 |
_c647481 _d647478 |
||